Logo BPK

Bibliografia Prac Pracowników

Politechniki Koszalińskiej

A gdyby tak posterować prądem ... / (Rekord nr 5623)

Szczegóły MARC
000 -ETYKIETA REKORDU
podpole kontrolne o stałej długości 01100nab a2200217 i 4500
001 - NUMER KONTROLNY REKORDU
podpole kontrolne BPP
003 - IDENTYFIKATOR NUMERU KONTROLNEGO REKORDU
podpole kontrolne BPK
005 - DATA OSTATNIEJ MODYFIKACJI REKORDU
podpole kontrolne 20151022140043.0
008 - POLE O STAŁEJ DŁUGOŚCI - DANE KONTROLNE
podpole kontrolne o stałej długości 151022s2011 pl n f |000 0pol
040 ## - ŹRÓDŁO KATALOGOWANIA
Instytucja, która utworzyła rekord BPK
080 ## - UNIWERSALNA KLASYFIKACJA DZIESIĘTNA - UKD
UKD 621.3.037.37
100 ## - NAZWA OSOBOWA
Nazwa osobowa ŁUCZAK, Radosław.
Lata pracy 1997 - .
Instytucja Politechnika Koszalińska - Wydział Elektroniki i Informatyki,
Wydział Katedra Inżynierii Komputerowej
245 ## - TYTUŁ/ODPOWIEDZIALNOŚĆ
Tytuł A gdyby tak posterować prądem ... /
Pozostałe elementy strefy tytułu i oznaczenia odpowiedzialności Radosław Łuczak.
260 ## - STREFA ADRESU WYDAWNICZEGO
Data publikacji, dystrybucji/powstania dokumentu 2011.
500 ## - UWAGI OGÓLNE
Tekst uwagi Dane z autopsji.
520 ## - UWAGA DOTYCZĄCA TREŚCI DOKUMENTU
Analiza dokumentacyjna, adnotacja itp. W artykule przedstawiono ideę budowy systemów cyfrowych pracujących w trybie prądowym, które realizowane są w oparciu o bramki prądowe wymyślone przez prof. Andrzeja Guzińskiego. Pokazano ich potencjał i etapy rozwoju oraz dokonano zestawienia potencjalnych możliwości zastosowania bramek prądowych we współczesnych układach elektronicznych.
650 #0 - HASŁO PRZEDMIOTOWE W FORMIE NAZWY OGÓLNEJ LUB JEDNOSTKOWEJ
Nazwa ogólna lub geograficzna Układy elektroniczne.
650 #0 - HASŁO PRZEDMIOTOWE W FORMIE NAZWY OGÓLNEJ LUB JEDNOSTKOWEJ
Nazwa ogólna lub geograficzna Prądy stałe.
773 ## - TYTUŁ DOKUMENTU MACIERZYSTEGO
Wyrażenie wprowadzające W :
Tytuł Zeszyty Naukowe Wydziału Elektroniki i Informatyki Politechniki Koszalińskiej. -
Informacje dotyczące relacji 2011, nr 3, s. 9-28
942 ## - HASŁO DODATKOWE - ELEMENTY(KOHA)
Typ dokumentu Artykuł
Schemat klasyfikacji Uniwersalna klasyfikacja dziesiętna
Egzemplarze
Wycofany Zagubiony Uszkodzony Dostępność Lokalizacja stała Lokalizacja bieżąca Sygnatura Typ dokumentu
      Dostępny Bibliografia Prac Pracowników - BPK Bibliografia Prac Pracowników - BPK 01547 Artykuł
© 2014 Biblioteka Politechniki Koszalińskiej :: BIBLIOGRAFIA PRAC PRACOWNIKÓW